| 000 | 00480nam a2200181Ia 4500 | ||
|---|---|---|---|
| 003 | GCL | ||
| 008 | 140319s9999 xx 000 0 eng d | ||
| 040 |
_aGCL / _cGCL |
||
| 082 | 0 | 4 |
_a005.1 _bC S |
| 100 | 1 | _aSURETON, BILL | |
| 245 | 1 | 0 |
_aSOFTWARE ENGINEERING ON SUN WORKSTATIONS / _cSURETON, BILL |
| 260 |
_a[S.N] : _bSPRINGER - VERLAG ، _c1993 |
||
| 300 | _a396 PP | ||
| 650 | 0 | 4 | _aPROGRAMMING |
| 650 | 0 | 4 | _aSUN COMPUTERS |
| 650 | 0 | 4 | _aSOFTWARE ENGINEERING |
| 942 |
_2ddc _cBK |
||
| 999 |
_c23536 _d23536 |
||